| 000 | 01019nam0a22002411 4500 | ||
|---|---|---|---|
| 001 | rc\2385178 | ||
| 005 | 20260407114153.0 | ||
| 035 | _a(NLR Aleph) 006663939 | ||
| 090 |
_a4923916 _c4923916 |
||
| 100 | _a20110829d1978 |||y0rusy50 ca | ||
| 101 | 0 | _arus | |
| 102 | _aRU | ||
| 105 | _ay z ||||| | ||
| 200 | 1 |
_aНормативы времени на проведение анализов по технохимическому и микробиологическому контролю на предприятиях молочной промышленности _eВрем., сроком на 2 г. _fМ-во мяс. и молоч. пром-сти СССР, ВНИИ молоч. пром-сти |
|
| 210 |
_aМосква _cБ. и. _d1978 |
||
| 215 |
_a63 с. _d22 |
||
| 712 | 0 | 2 |
_aВНИИ молочной промышленности _3RU\NLR\AUTH\889946453 _9388488 |
| 801 | 0 |
_aRU _bNLR _gpsbo |
|
| 801 | 1 |
_aRU _bELAR _2rusmarc |
|
| 852 |
_aNLR _jПт 66/998 |
||
| 899 |
_aRuMoRGB _jМ 79-5/1057 |
||
| 942 | _cBOOK | ||
| 980 | _aNB | ||